000 00634nam a2200229Ia 4500
003 OSt
005 20220923230541.0
006 a|||||r|||| 00| 0
007 ta
008 Pun
024 _a283,090
037 _cTextual
040 _aARTS
_cARTS
_bPun
041 _2Pun
_aPun
082 _aO153,3NKAN2,ED, L9
100 _aਕੰਵਲ, ਸੁਰਜੀਤ ਸਿੰਘ
245 0 _aਇਕ ਧੁੱਪ ਦੀ ਮੌਤ
260 _c1979
650 _aਪੰਜਾਬੀ ਸਾਹਿਤ
942 _hO153,3NKAN2,ED, L9
_cTEXL
_2CC
999 _c385633
_d385633